000 00681nam a22002177a 4500
003 UA-OsUOA
001 127997
007 ta
008 20171227b un ||||| |||| 00| 0 ukr d
100 _aСіняєва Л.
090 _a330(477)
_bС41
942 _cSA
040 _aUA-OsUOA
_bukr
_cUA-OsUOA
_dUA-OsUOA
245 _aУдосконалення методичних підходів до оцінки якості життя населення України
300 _aС.38-46
955 _a0
041 _aukr
080 _a330(477)
773 0 _w127994
_tУкраїна: аспекти праці
_dК.
_d2017
_g4
650 7 _a330 Економіка взагалі
_2UDC
999 _c415303
_d415303